| 000 | 00387pab a2200157 454500 | ||
|---|---|---|---|
| 008 | 180718b1997 xxu||||| |||| 00| 0 eng d | ||
| 100 | _aMoody, Kim | ||
| 245 | _aAmerican labor: a movement again | ||
| 260 | _c1997 | ||
| 300 | _ap.63-79 | ||
| 362 | _aJul-Aug | ||
| 650 | _aLabour movements - United States | ||
| 650 | _aLabour movements | ||
| 773 | _aMonthly Review | ||
| 909 | _a35694 | ||
| 999 |
_c35694 _d35694 |
||